The vision / (Record no. 4914)

MARC details
000 -LEADER
fixed length control field 00707nam a2200277Ii 4500
001 - CONTROL NUMBER
control field 37254
003 - CONTROL NUMBER IDENTIFIER
control field GBCCL
005 - DATE AND TIME OF LATEST TRANSACTION
control field 20241126110529.0
008 - FIXED-LENGTH DATA ELEMENTS--GENERAL INFORMATION
fixed length control field 770615c19751974nyu 000 0 eng d
010 ## -
-- 73021088
035 ## - SYSTEM CONTROL NUMBER
System control number (OCoLC)03045003
040 ## - CATALOGING SOURCE
Original cataloging agency OKO
Transcribing agency OKO
049 ## -
-- LBBK
050 0# -
-- BV5091.R4
-- W54
082 ## - DEWEY DECIMAL CLASSIFICATION NUMBER
Classification number 236.9
Item number WIL
092 ## - LOCALLY ASSIGNED DEWEY CALL NUMBER (OCLC)
Classification number 236.9
Item number W681
100 1# - MAIN ENTRY--PERSONAL NAME
Personal name Wilkerson, David R.
9 (RLIN) 2348
245 14 - TITLE STATEMENT
Title The vision /
Statement of responsibility, etc. David Wilkerson.
260 ## - PUBLICATION, DISTRIBUTION, ETC.
Place of publication, distribution, etc. Old Tappan, N.J. :
Name of publisher, distributor, etc. F. H. Revell,
Date of publication, distribution, etc. 1975, c1974.
300 ## - PHYSICAL DESCRIPTION
Extent 143 p. ;
Dimensions 18 cm.
500 ## - GENERAL NOTE
General note A Spire Book
630 00 - SUBJECT ADDED ENTRY--UNIFORM TITLE
Uniform title Bible
General subdivision Prophecies.
9 (RLIN) 457
650 #0 - SUBJECT ADDED ENTRY--TOPICAL TERM
Topical term or geographic name entry element Prophecies.
9 (RLIN) 2051
650 #0 - SUBJECT ADDED ENTRY--TOPICAL TERM
Topical term or geographic name entry element Visions.
9 (RLIN) 4413
942 ## - ADDED ENTRY ELEMENTS (KOHA)
Source of classification or shelving scheme Dewey Decimal Classification
Koha item type Books
Holdings
Withdrawn status Lost status Source of classification or shelving scheme Damaged status Not for loan Home library Current Library Shelving location Date acquired Total checkouts Total renewals Full call number Barcode Date last seen Date last checked out Copy number Price effective from Koha item type
    Dewey Decimal Classification     GRACE BIBLE COLLEGE GRACE BIBLE COLLEGE Theology 2018-02-15 1 1 236.9 WIL 009022 2025-09-24 2025-09-15 c.1 2018-02-15 Books
© Grace Bible College Library 2025